[Event "Brasilia IRT Mearas U2200 I"]
[Site "Brasilia"]
[Date "2015.12.06"]
[Round "5.3"]
[White "Branquinho, Everson Silva"]
[Black "De Rezende, Fernando Alencar"]
[Result "1/2-1/2"]
[WhiteElo "1525"]
[BlackElo "1775"]
[PlyCount "79"]
[EventDate "2015.12.05"]
[EventType "swiss"]
[EventRounds "5"]
[EventCountry "BRA"]
[SourceTitle "EXT 2022"]
[Source "ChessBase"]
[SourceDate "2021.10.06"]
[SourceVersion "1"]
[SourceVersionDate "2021.10.06"]
[SourceQuality "1"]

1. Nf3 d5 2. g3 Nc6 3. Bg2 Nf6 4. 0-0 Bg4 5. d3 h6 6. c3 Bxf3 7. exf3 e5 8. Nd2 Be7 9. Re1 0-0 10. Qb3 b6 11. Qc2 Bd6 12. Nb3 Ne7 13. d4 Nc6 14. dxe5 Nxe5 15. Nd4 c5 16. Nb5 Re8 17. Nxd6 Qxd6 18. Bf4 Nh5 19. Bd2 Qg6 20. Qxg6 Nxg6 21. Rxe8+ Rxe8 22. Re1 Rxe1+ 23. Bxe1 Nf6 24. Bf1 Ne5 25. Kg2 c4 26. Bd2 a5 27. Be3 b5 28. Bd4 Nd3 29. Bxd3 cxd3 30. Kf1 Nh7 31. Ke1 Ng5 32. Kd2 Nxf3+ 33. Kxd3 Nxh2 34. Bb6 a4 35. Kd4 f5 36. Kxd5 g5 37. Ke5 h5 38. Kxf5 h4 39. gxh4 gxh4 40. Bc7 1/2-1/2